000 00837nam a22001937a 4500
999 _c36339
_d36339
003 OSt
005 20260114161645.0
008 260114b ||||| |||| 00| 0 eng d
040 _cBCRI
082 _a658.8
100 _949970
_aGálvez Arias, Natalia
245 _aPasantía en área administrativa y comunicación de cursos de inglés en UNICAES CRI
_b: informe final
_cNatalia Gálvez Arias
260 _aIlobasco, Cabañas
_bUniversidad Católica de El Salvador
_c2025
300 _a40 h.
_c27 cm.
_eVersión digital en USB
_bil.
502 _aTrabajo de graduación para optar al grado académico de Licenciada en Mercadeo y Negocios Internacionales
650 0 _93991
_aMarketing
710 _940915
_aUniversidad Católica de El Salvador
_bCentro Regional de Ilobasco
_bFacultad Multidisciplinaria
942 _2ddc
_cTG
_hprozim